Основы проектирования и САПР: электронный курс
| Main Author: | |
|---|---|
| Corporate Author: | |
| Summary: | Заглавие с экрана Рассматриваются основные принципы проектирования на примере тепловых схем блоков электростанций и трехмерного моделирования деталей и узлов энергетического оборудования. Изучается система автоматизированного проектирования Siemens NX. Доступ по логину и паролю |
| Language: | Russian |
| Published: |
Томск, TPU Moodle, 2016
|
| Subjects: | |
| Online Access: | http://design.lms.tpu.ru/course/view.php?id=1512 |
| Format: | MixedMaterials Electronic Book |
| KOHA link: | https://koha.lib.tpu.ru/cgi-bin/koha/opac-detail.pl?biblionumber=652029 |
MARC
| LEADER | 00000nlm0a2200000 4500 | ||
|---|---|---|---|
| 001 | 652029 | ||
| 005 | 20240112092353.0 | ||
| 035 | |a (RuTPU)RU\TPU\network\17292 | ||
| 035 | |a RU\TPU\network\17287 | ||
| 090 | |a 652029 | ||
| 100 | |a 20161130d2016 m y0rusy50 ca | ||
| 101 | 0 | |a rus | |
| 102 | |a RU | ||
| 105 | |a a j 000zy | ||
| 135 | |a jrcn ---uucaa | ||
| 181 | 0 | |a i | |
| 182 | 0 | |a b | |
| 200 | 1 | |a Основы проектирования и САПР |e электронный курс |f В. В. Беспалов |g Национальный исследовательский Томский политехнический университет (ТПУ), Энергетический институт (ЭНИН), Кафедра атомных и тепловых электростанций (АТЭС) | |
| 203 | |a Текст |c электронный | ||
| 210 | |a Томск |c TPU Moodle |d 2016 | ||
| 300 | |a Заглавие с экрана | ||
| 330 | |a Рассматриваются основные принципы проектирования на примере тепловых схем блоков электростанций и трехмерного моделирования деталей и узлов энергетического оборудования. Изучается система автоматизированного проектирования Siemens NX. | ||
| 333 | |a Доступ по логину и паролю | ||
| 606 | 1 | |a САПР система автоматизированного проектирования |2 stltpush |3 (RuTPU)RU\TPU\subj\53841 |9 72006 | |
| 606 | 1 | |a Электрические станции |x Проектирование |2 stltpush |3 (RuTPU)RU\TPU\subj\27628 |9 51352 | |
| 610 | 1 | |a электронный ресурс | |
| 610 | 1 | |a труды учёных ТПУ | |
| 610 | 1 | |a электронное обучение | |
| 610 | 1 | |a электронные курсы ТПУ | |
| 610 | 1 | |a проектирование | |
| 610 | 1 | |a САПР | |
| 610 | 1 | |a Siemens NX | |
| 610 | 1 | |a 3D-моделирование | |
| 610 | 1 | |a симуляции | |
| 610 | 1 | |a конструирование | |
| 610 | 1 | |a электронные учебные пособия | |
| 610 | 1 | |a учебные пособия | |
| 675 | |a 658.512.2.011.56(075.8) |v 3 | ||
| 675 | |a 621.311.2.001(075.8) |v 3 | ||
| 700 | 1 | |a Беспалов |b В. В. |c специалист в области информатики и вычислительной техники |c ведущий программист, доцент Томского политехнического университета, кандидат технических наук |f 1965- |g Виктор Владимирович |3 (RuTPU)RU\TPU\pers\26008 |9 11857 | |
| 712 | 0 | 2 | |a Национальный исследовательский Томский политехнический университет (ТПУ) |b Энергетический институт (ЭНИН) |b Кафедра атомных и тепловых электростанций (АТЭС) |3 (RuTPU)RU\TPU\col\18683 |
| 801 | 2 | |a RU |b 63413507 |c 20170209 |g RCR | |
| 856 | 4 | |u http://design.lms.tpu.ru/course/view.php?id=1512 | |
| 942 | |c CF | ||